| 000 -LEADER |
| fixed length control field |
01394pam a2200385 i 4500 |
| 001 - CONTROL NUMBER |
| control field |
019407270 |
| 003 - CONTROL NUMBER IDENTIFIER |
| control field |
UkOxU |
| 005 - DATE AND TIME OF LATEST TRANSACTION |
| control field |
20230403092517.0 |
| 008 - FIXED-LENGTH DATA ELEMENTS--GENERAL INFORMATION |
| fixed length control field |
120223r20122008enka |0|0 1|eng d |
| 015 ## - NATIONAL BIBLIOGRAPHY NUMBER |
| National bibliography number |
GBB220291 |
| Source |
bnb |
| 020 ## - INTERNATIONAL STANDARD BOOK NUMBER |
| International Standard Book Number |
9780440869979 (paperback) : |
| 035 ## - SYSTEM CONTROL NUMBER |
| System control number |
(Uk)016038899 |
| 040 ## - CATALOGING SOURCE |
| Original cataloging agency |
StDuBDS |
| Language of cataloging |
eng |
| Description conventions |
rda |
| Transcribing agency |
StDuBDS |
| Modifying agency |
Uk |
| -- |
KH8 |
| 042 ## - AUTHENTICATION CODE |
| Authentication code |
ukblsr |
| 082 04 - DEWEY DECIMAL CLASSIFICATION NUMBER |
| Classification number |
823.914 WIL |
| Edition number |
23 |
| 100 1# - MAIN ENTRY--PERSONAL NAME |
| Personal name |
Wilson, Jacqueline, |
| Relator term |
author. |
| 240 10 - UNIFORM TITLE |
| Uniform title |
Novels. |
| Form subheading |
Selections |
| 245 14 - TITLE STATEMENT |
| Title |
The Tracy Beaker trilogy / |
| Statement of responsibility, etc. |
Jacqueline Wilson ; illustrated by Nick Sharratt. |
| 264 #1 - PRODUCTION, PUBLICATION, DISTRIBUTION, MANUFACTURE, AND COPYRIGHT NOTICE |
| Place of production, publication, distribution, manufacture |
London : |
| Name of producer, publisher, distributor, manufacturer |
Corgi Yearling, |
| Date of production, publication, distribution, manufacture, or copyright notice |
2012. |
| 300 ## - PHYSICAL DESCRIPTION |
| Extent |
572 pages : |
| Other physical details |
illustrations (black and white) ; |
| Dimensions |
20 cm |
| 336 ## - CONTENT TYPE |
| Content type term |
text |
| Source |
rdacontent |
| 337 ## - MEDIA TYPE |
| Media type term |
unmediated |
| Source |
rdamedia |
| 338 ## - CARRIER TYPE |
| Carrier type term |
volume |
| Source |
rdacarrier |
| 500 ## - GENERAL NOTE |
| General note |
Originally published: London : Doubleday, 2008. |
| 500 ## - GENERAL NOTE |
| General note |
Formerly CIP. |
| Institution to which field applies |
Uk |
| 505 0# - FORMATTED CONTENTS NOTE |
| Formatted contents note |
The story of Tracey Beaker -- Starring Tracey Beaker -- The dare game. |
| 650 #0 - SUBJECT ADDED ENTRY--TOPICAL TERM |
| Topical term or geographic name entry element |
Beaker, Tracy (Fictitious character) |
| Form subdivision |
Juvenile fiction. |
| 650 #0 - SUBJECT ADDED ENTRY--TOPICAL TERM |
| Topical term or geographic name entry element |
Children |
| General subdivision |
Institutional care |
| Form subdivision |
Juvenile fiction. |
| 650 #0 - SUBJECT ADDED ENTRY--TOPICAL TERM |
| Topical term or geographic name entry element |
Children's stories, English. |
| 700 1# - ADDED ENTRY--PERSONAL NAME |
| Personal name |
Sharratt, Nick, |
| Relator term |
illustrator. |
| 700 12 - ADDED ENTRY--PERSONAL NAME |
| Personal name |
Wilson, Jacqueline. |
| Title of a work |
Story of Tracey Beaker. |
| 700 12 - ADDED ENTRY--PERSONAL NAME |
| Personal name |
Wilson, Jacqueline. |
| Title of a work |
Starring Tracey Beaker. |
| 700 12 - ADDED ENTRY--PERSONAL NAME |
| Personal name |
Wilson, Jacqueline. |
| Title of a work |
Dare game. |
| 942 ## - ADDED ENTRY ELEMENTS (KOHA) |
| Source of classification or shelving scheme |
|
| Koha item type |
Books - Non Ficton |